书目信息 |
| 题名: |
面试
|
|
| 作者: | 车桂林 主编 | |
| 分册: | ||
| 出版信息: | 北京 中国档案出版社 2006 |
|
| 页数: | 313页 | |
| 开本: | 26cm | |
| 丛书名: | ||
| 单 册: | ||
| 中图分类: | D630.3 | |
| 科图分类: | ||
| 主题词: | 国家机关工作人员--中国--考核--教材 , 国家机关工作人员 | |
| 电子资源: | ||
| ISBN: | 7-80199-070-6 | |
| 000 | 00709nam0 2200253 450 | |
| 001 | 003021376 | |
| 005 | 20070714153207.06 | |
| 010 | @a7-80199-070-6@dCNY35.00 | |
| 100 | @a20050919d2006 em y0chiy0110 ea | |
| 101 | 0 | @achi |
| 102 | @aCN@b110000 | |
| 105 | @ay z 000yy | |
| 200 | 1 | @a面试@f车桂林主编@Fche gui lin zhu bian |
| 205 | @a2版 | |
| 210 | @a北京@c中国档案出版社@d2006 | |
| 215 | @a313页@d26cm | |
| 300 | @a2007国家公务员录用考试通用教材 | |
| 307 | @a附:《高效学习计划书》(30页) | |
| 606 | 0 | @a国家机关工作人员@y中国@x考核@j教材 |
| 606 | 0 | @a国家机关工作人员 |
| 690 | @aD630.3@v4 | |
| 701 | 0 | @a车桂林@Ache gui lin@4主编 |
| 801 | 0 | @aCN@bNLC@c20070714 |
| 905 | @a10447@dD630.3@e110=2 | |
| 面试/车桂林主编.-2版.-北京:中国档案出版社,2006 |
| 313页;26cm |
| 2007国家公务员录用考试通用教材 |
| ISBN 7-80199-070-6:CNY35.00 |
| ● |
| 相关链接 |
|
|
|
|
正题名:面试
索取号:D630.3/110=2
 
预约/预借
| 序号 | 登录号 | 条形码 | 馆藏地/架位号 | 状态 | 备注 |
| 1 | 0778578 | 207785789 | 第一样本阅览室/ [索取号:D630.3/110=2] | 在馆 |